000 00593nam a2200217Ia 4500
005 20250508164425.0
008 008 250505s9999 xx 000 0 eng d
020 _a81-89766-48-1
037 _aTextual
040 _aFEDL
_beng
_cFEDL
041 _aeng
_2eng
084 _a823, CHA
_qFEDL
100 _aChakraborty Angshukanta
_9778093
245 0 _aBrunching with ophelia
260 _aNew Delhi, India
_bVitasta Publishing Pvt. Ltd.
_c2008
300 _aviii,252p.
365 _aINR
_b250
650 _aFiction
942 _cTEXL
_h823, CHA
999 _c1389060
_d1389060